=LDR 00000nam 2200000 4500 =001 INLIS000000000026956 =005 20201207095422 =035 ##$$a 0010-061300000026956 =008 201207################g##########0#ind## =041 ##$$a Ind =082 ##$$a 330 =090 ##$$a 330, Kar e =100 ##$$a Kardiman =245 1#$$a Ekonomi dunia kesehatan kita, /$c Kardiman, Endang, M. Achmid K =260 ##$$a Jakarta :$b Yudhistira,$c 2006 =300 ##$$a ix, 101 hlm : $b Ilus ; $c 25 x 19 cm =650 #4$$a Ekonomi =700 #$$a Endang M =850 ##$$a NBPNMAT =020 ##$$a 979-676-787-2 =084 ##$$a 330 KAR e =504 ##$$a Bibliografi: hal 100 =990 ##$$a 20703705 =990 ##$$a 20703703